000 00626nam a2200229Ia 4500
003 OSt
005 20220923221736.0
006 a|||||r|||| 00| 0
007 ta
008 220922b |||||||| |||| 00| 0 hin d
024 _a199,703
037 _cTextual
040 _aARTS
_cARTS
_bhin
041 _2hin
_ahin
082 _aQ21:226, 152wK5
100 _aरधुनाथ सिंह
245 0 _aयोगवसिष्ठ कथा
246 _aYogavasiṣhṭha kathā
260 _c1984
942 _hQ21:226, 152wK5
_cTEXL
_2CC
999 _c351442
_d351442